000 00653nam a2200277Ia 4500
005 20260121124536.0
008 008 260114s9999 xx 000 0 eng d
020 _a9780691231600
037 _aEBOOK
040 _aCRL
040 _beng
040 _cCRL
041 _2eng
041 _aeng
084 _qCRL
100 _aMuller, Jerry Z.
_9977771
245 0 _aProfessor of Apocalypse
260 _bWalter de Gruyter
260 _bWalter de Gruyter
260 _c2022
650 _aPhilosophy
_9977772
856 _uhttp://www.degruyter.com/isbn/9780691231600
942 _cEBOOK
999 _c1555369
_d1555369